000 00450nam a2200193Ia 4500
005 20240823021911.0
008 240823s9999||||xx |||||||||||||| ||und||
020 _a81-7224-373-1
041 _aENGLISH
082 _A302.2 P4
100 _aKeval J Kumar
245 0 _aMass Communication in India
250 _a1st
260 _c2004
_b"Jaico,M"
_aMumbai
500 _aYES
650 _aCommunication
_bGeneral
942 _cBK
999 _c177970
_d177970